000 00629nam a2200193Ia 4500
003 IN-BaIIA
008 211028s9999 xx 000 0 eng d
040 _cIIA Library
080 _a047.1:535.33
_bDEV-4
245 0 _aDevelopments in applied spectroscopy
_bvol. 4
_cedited by Elwin, N. Davis
260 _aNew York
_bPlenum Press
_c1965
300 _axi, 546p.
650 _aAbsorption spectroscopy
_91788
650 _aAstronomy and Astrophysics Thesaurus
650 _aOptical spectroscopy
_95318
650 _aSpectroscopy
_91535
700 _aDavis, Elwin, N., ed.
_95319
942 _cBK
999 _c2991
_d2991